Vive le vent - Paroles - Statistiques

Statistiques générales
  • Ce quiz a été pris 75 fois
    47 depuis la dernière actualisation
  • Le résultat moyen est 85 sur 138
Statistiques - réponses
Réponse % Correct
le
100%
vent
100%
Vive
100%
vive
100%
d'hiver
98%
sa
90%
la
88%
dans
85%
de
85%
les
83%
neige
83%
Et
80%
et
80%
sapins
80%
grands
78%
qui
78%
Qui
78%
verts
78%
année
75%
bonne
75%
grand-mère
75%
s'en
73%
va
73%
Boules
70%
sifflant
70%
Sur
70%
soufflant
68%
un
68%
Oh
65%
chemin
63%
jour
63%
l'an
63%
tout
63%
blanc
60%
l'on
60%
avec
58%
long
58%
monsieur
58%
vieux
58%
main
55%
blanche
53%
canne
53%
là-haut
50%
s'avance
50%
souffle
50%
branches
48%
enfant
48%
petit
48%
c'est
45%
vers
43%
au
40%
40%
siffle
40%
chantait
38%
est
38%
romance
38%
village
38%
qu'il
35%
du
33%
il
33%
feu
30%
l'heure
30%
Noël
30%
air
28%
coin
28%
descend
28%
lui
28%
mais
28%
fête
25%
maison
25%
sage
25%
chanson
23%
chaque
23%
table
23%
entend
20%
même
20%
partout
20%
prête
20%
Aux
18%
danse
18%
Joyeux
18%
joyeux
18%
flotte
15%
nuit
15%
ciel
13%
bougies
10%
mille
10%
quand
8%
chantent
5%
cloches
5%
l'ombre
5%
Aucun quiz correspondant
Distribution des résultats
% des personnes avec chaque résultat
Percentile par nombre de réponses
Votre historique - résultats
Vous n’avez pas pris ce quiz depuis la dernière actualisation